Beatles Kappaleita - Äkkikuolema - Statistics

Yleistilastot
  • Tätä visaa on pelattu 71 kertaa
  • Keskiarvotulos 8 / 20
Answers on the Grid
Answers color-coded by a green-red scale on the quiz's grid according to % correct below.
All You Need Is Love
Back in the USA
Blackbird
Colonel Mustard
Come Together
Day Tripper
Dig a Donkey
Don't Let Me Down
Eleanor Rigby
Glass Potato
Help!
Helter Skelter
Here Comes The Sun
Hey Jude
I Am the Eggman
I Want To Hold Your Hand
I Won't
I'm Only Dreaming
Let It Be
Love Me Do
Oh! Honey
Paperback Writer
Penny Lane
Please Please Me
Raspberry Meadows
Revolution
Ride My Bike
Seven Days a Week
She Loves Me
Ticket to Ride
Waterloo Sunset
Yellow Submarine
Yesterday
 
Vastaustilastot
Vastaus % Oikein
Let It Be
78%
Here Comes The Sun
70%
All You Need Is Love
65%
Help!
63%
Yesterday
63%
Yellow Submarine
61%
Hey Jude
59%
Penny Lane
54%
I Want To Hold Your Hand
52%
Eleanor Rigby
41%
Blackbird
35%
Come Together
35%
Love Me Do
35%
Please Please Me
22%
Don't Let Me Down
20%
Helter Skelter
20%
Day Tripper
15%
Paperback Writer
15%
Ticket to Ride
15%
Revolution
11%
Ehtoja vastaavia visoja ei löytynyt
Tulosjakauma
Jokaisen tuloksen saaneiden osuus
Persentiili vastausten määrän mukaan
Tuloshistoriasi
Et ole pelannut tätä visaa